Statistics for Impossible Seinfeld Quiz

Click here to take the quiz!

General Stats

  • This quiz has been taken 1,336 times
  • The average score is 4 of 15

Answer Stats

HintAnswer% Correct
What is the flatulent horse's name (handsome cab ride and also the name of the homeless man that pulls the rickshaw)?Rusty
84%
What's George's middle name?Lewis
44%
What's the coughing dog's name?Smuckers
37%
Who's voice makes Kramer have seizures?Mary Hart
36%
What's Kramer's problem with wearing the eye patch?It's Itchy
34%
In the Schindler's List episode what is Newman order to eat before Jerry chases him out of Monk's?Pair of Bearclaws
25%
In the Dealership, what slot is the Twix in, in the vending machine?B5
22%
What's Susan Ross' middle name?Biddle
20%
What's Kramer's character's name when he stars on Murphy Brown?Stephen Snell
16%
What restaurant does everyone go to in order to break up with their boy/girlfriend?Pomodoro's
11%
In "The Stand In" who is Mickey trying to impress by heightening?Tammy
10%
"The Handicap Spot" - What's the name of the top of the line wheelchair? (The Rolls Royce of wheelchairs)The Cougar 9000
6%
What is the arresting officer's name in the final episode?Matt Vogle
3%
What is George's high score on Frogger?860630
2%
What's the name of Elaine's boyfriend in high school that Sue Ellen stole from her?Tom Cosley
2%

Score Distribution

Percentile by Number Answered

Percent of People with Each Score

Your Score History

You have not taken this quiz